000 00421nam a2200133Ia 4500
008 100328s9999 xx 000 0 und d
082 _b60264
100 _aनागपुरकर पदमाकर.
245 _aवृदत्वाची शान.
260 _bगं्रथाली.
630 _aवृदत्वाची शान.
730 _aवृदत्वाची शान.
942 _cBOOK
999 _c546426
_d546423